Projektování automatizovaných systémů /

Hlavní autor: Školník, Petr
Korporativní autor: Technická univerzita v Liberci. Fakulta mechatroniky, informatiky a mezioborových studií
Další autoři: Dobeš, Albín, Semerád, Jaroslav
Jazyk: Čeština
Vydáno: Liberec : Technická univerzita v Liberci, 2012
Vydání: Vyd. 1.
Témata:
Fyzický popis: 249 s. : il. (některé barev.) ; 30 cm
Knihy
Uloženo v:
LEADER 02077nam a2200529 a 4500
001 nkc20122390548
003 CZ PrNK
005 20131211104044.0
007 ta
008 120810s2012 xr a e p 000 0 cze
015 |a cnb002390548 
020 |a 978-80-7372-881-6  |q (brož.) 
035 |a (OCoLC)817048509 
040 |a BOA001  |b cze  |d ABA001 
072 7 |a 681.5  |x Automatizační a řídicí technika  |2 Konspekt  |9 19 
072 7 |a 37.016  |x Učební osnovy. Vyučovací předměty. Učebnice  |2 Konspekt  |9 22 
080 |a 621.316  |2 MRF 
080 |a 697.9  |2 MRF 
080 |a 681.51  |2 MRF 
080 |a 005.933.1  |2 MRF 
080 |a (075.8)  |2 MRF 
100 1 |a Školník, Petr  |7 mzk2012717179  |4 aut 
245 1 0 |a Projektování automatizovaných systémů /  |c Petr Školník, Albín Dobeš, Jaroslav Semerád 
250 |a Vyd. 1. 
260 |a Liberec :  |b Technická univerzita v Liberci,  |c 2012 
300 |a 249 s. :  |b il. (některé barev.) ;  |c 30 cm 
500 |a Nad názvem: Technická univerzita v Liberci, Fakulta mechatroniky, informatiky a mezioborových studií 
504 |a Obsahuje bibliografii 
521 8 |a Určeno pro studenty FM 
650 0 7 |a elektrické instalace  |7 ph114438  |2 czenas 
650 0 7 |a vzduchotechnika  |7 ph116654  |2 czenas 
650 0 7 |a automatizované systémy řízení  |7 ph118699  |2 czenas 
650 0 7 |a projektování  |7 ph184848  |2 czenas 
650 0 9 |a electric wiring  |2 eczenas 
650 0 9 |a air conditioning  |2 eczenas 
650 0 9 |a automatic control systems  |2 eczenas 
650 0 9 |a project planning  |2 eczenas 
655 7 |a učebnice vysokých škol  |7 fd133772  |2 czenas 
655 9 |a textbooks (higher)  |2 eczenas 
700 1 |a Dobeš, Albín  |7 mzk2012717185  |4 aut 
700 1 |a Semerád, Jaroslav  |7 mzk2012717193  |4 aut 
710 2 |a Technická univerzita v Liberci.  |b Fakulta mechatroniky, informatiky a mezioborových studií  |7 xx0090191 
910 2 |a BOA001  |b 4-1286.645 
990 |a BK 
995 |a 01 
991 |b 201209  |c NOV  |e n 
996 6 |b 2610521037  |c 4-1286.645  |l MZK  |r Sklad / do 1 hodiny  |n 0  |p p.v.  |w 001276807  |u 000010  |a 1  |e BOA001  |j MZK50  |s P